| 000 | 00919nam a22002171a 4500 | ||
|---|---|---|---|
| 001 | 1683730 | ||
| 003 | AM-YeHGA | ||
| 005 | 20250908145313.0 | ||
| 008 | 200115s1893 ru |||||||||||||0|0|rus|d | ||
| 040 | _aAM-YeHGA | ||
| 041 | 0 | _arus | |
| 100 | 1 |
_aГромека, Михаил Степанович, _d1852-1883 |
|
| 245 | 1 | 0 |
_aО Л.Н. Толстом : _bКритический этюд по поводу романа "Анна Каренина" / _cМ.С. Громека. |
| 250 | _a5-е изд., доп. двумя заключительными главами, впервые появляющимися в печати | ||
| 260 |
_aМосква : _bПосредник, _c1893. |
||
| 300 |
_a211 с. ; _c23 см. |
||
| 600 | 1 | 4 |
_aТолстой, Лев Николаевич, _d1828-1910 |
| 650 | 1 | 4 | _aЛитературная критика |
| 650 | 1 | 4 | _aРусская литература |
| 942 |
_2udc _cBK |
||
| 999 |
_c534541 _d534541 |
||